000 01787nam a22004577a 4500
001 000095250
003 CHAP
005 20220329143102.0
008 060217d2005 mx r 00110 spa d
010 _a91716
011 _a92688
035 _a103253
040 _cCHAP
090 _aTesis
100 0 0 _aGarcía Romero, José Ulises.
_946550
245 1 0 _aAnálisis de la dinámica poblacional de la mosca del olivo (Bactrocera oleae) (Gmelin) en los estados de Baja California y Sonora y estrategias de combate y erradicación utilizadas /
_c/por José Ulises García Romero.
260 _aChapingo, Méx. :
_bEl autor,
_c2005.
300 _a74 h. :
_bilus. ; gráfs.
502 _aTesis (M.C. en Protección Vegetal) -- UACH. Departamento de Parasitología Agrícola
590 _aALEPH
_b10
_c20130110
_lUCH01
_h1509
590 _aBATCH-UPD
_b10
_c20130110
_lUCH01
_h0342
590 _aBATCH-UPD
_b10
_c20130110
_lUCH01
_h1844
590 _aBATCH-UPD
_b10
_c20130410
_lUCH01
_h1621
590 _aBATCH-UPD
_b10
_c20130914
_lUCH01
_h2137
590 _aBATCH-UPD
_b10
_c20140324
_lUCH01
_h1453
590 _aBATCH-UPD
_b10
_c20141002
_lUCH01
_h0828
590 _aCONVERSION
_b10
_c20130109
_lUCH01
_h1351
590 _aE12093SGE
_b10
_c20130610
_lUCH01
_h1208
650 1 4 _aBactrocera oleae.
_99344
650 1 4 _aControl de plagas.
_927595
650 1 4 _aOlivo
_xPlagas.
_983138
650 1 4 _aOlivo
_xSonora.
_983142
650 1 4 _aOlivo
_zBaja California.
_983145
856 _3Finding aid
_uhttp://10.13.5.2/tesis/103253.pdf
_zTeclea aquí
901 _aBK
905 _aAlejandra Carrasco M.
942 _cCD
942 _n0
949 _aTesis
_bBC
_cTES
_d00000001032531
_eTS1
_gDonaciØn
_h44528
_i103253
_sb
949 _aTesis
_bBC
_cTES
_d33724000991618
_eTS2
_fc.2
_gDonaciØn
_h44529
_i103253
_sb
999 _c91716
_d91716